El trastorno de deficiencia de atención. ¿Realidad o conveniencia?
Salvato in:
| Autore principale: | |
|---|---|
| Natura: | Libro |
| Lingua: | spagnolo |
| Pubblicazione: |
Ciudad de México
Saga
2005
|
| Serie: | 3D Educación
|
| Soggetti: | |
| Tags: |
Aggiungi Tag
Nessun Tag, puoi essere il primo ad aggiungerne!!
|
MARC
| LEADER | 00000nam a2200000 a 4500 | ||
|---|---|---|---|
| 001 | UCH0536 | ||
| 003 | CL-VaPUC | ||
| 008 | 090312e20050000MX |||||||||||||||||spa|d | ||
| 020 | |a 968583024X | ||
| 082 | 0 | 4 | |a 370.15 |b PIE |2 21 |
| 100 | 0 | |a Piedrafita Moreno, José Manuel |e author |9 534732 | |
| 245 | 1 | 3 | |a El trastorno de deficiencia de atención. ¿Realidad o conveniencia? |
| 300 | |a 95 p | ||
| 942 | |c BK | ||
| 945 | |d 20090312 00:00:00 |a dcastane | ||
| 260 | |a Ciudad de México |b Saga |c 2005 | ||
| 650 | 0 | |a Trastornos del aprendizaje |9 307969 | |
| 650 | 0 | |a Trastornos del comportamiento |9 311363 | |
| 650 | 0 | |a Cognición |9 270347 | |
| 650 | 0 | |a Psicología del aprendizaje |9 306854 | |
| 650 | 0 | |a Psicología educacional |9 307830 | |
| 583 | |a last modification |c 20140401 10:22:33 |k Rodrigo Vera | ||
| 490 | 0 | |a 3D Educación | |
| 999 | |c 332830 |d 332828 | ||
| 952 | |0 0 |1 0 |4 0 |6 370_150000000000000_PIE_2005 |7 0 |8 A |9 420823 |a BIBEDU |b BIBEDU |d 2019-11-22 |i 4515722 |o 370.15 PIE 2005 |p 4515722 |r 2019-11-22 |w 2019-11-22 |y BK |k EPE | ||